Handbook of fluidization and fluid-particle systems

Saved in:
Bibliographic Details
Main Author: Yang, Wen-Ching (Author)
Format: Book
Language:English
Published: Boca Ratón CRC Press 2003
Edition:1a. ed
Subjects:
Tags: Add Tag
No Tags, Be the first to tag this record!

MARC

LEADER 00000cam a2200000 a 4500
001 UCE5212
003 CL-VaPUC
008 141211e20030000us |||||||||||||||||eng|d
020 |a 9780824702595 
082 0 4 |a 660.28  |b YAN  |2 21 
100 0 |a Yang, Wen-Ching  |e author  |9 577728 
245 1 0 |a Handbook of fluidization and fluid-particle systems 
250 |a 1a. ed 
300 |a 861 p 
942 |c BK 
945 |d 20141211 14:14:00  |a arojas 
260 |a Boca Ratón  |b CRC Press  |c 2003 
650 7 |a FLUIDIZACION  |2 CL-VaPUC  |9 264099 
650 7 |a FLUIDO MOLECULAR  |2 CL-VaPUC  |9 428865 
650 0 |a Mecánica de fluidos   |9 259464 
650 0 |a Manuales  |9 257144 
650 0 |a Tecnología química   |9 263002 
583 |a last modification  |c 20141219 05:15:24  |k Rodrigo Vera 
999 |c 357974  |d 357972 
952 |0 0  |1 0  |3 erd  |4 0  |6 660_280000000000000_YAN_2003  |7 0  |8 A  |9 466175  |a BIBING  |b BIBING  |i 5129400  |o 660.28 YAN 2003  |p 5129400  |r 2025-01-20  |w 2019-11-23  |y BK  |z Catalogado en:20141211  |k EIQ